| 000 | 00562nam a2200193Ia 4500 | ||
|---|---|---|---|
| 008 | 120906t2003 xxu||||| |||| 00| 0 sin d | ||
| 041 | _asin | ||
| 080 |
_a8-31 (eng) _bSTE |
||
| 100 | _aStevenson,R.L | ||
| 245 | _aපැන ගිය සිරකරුවා | ||
| 246 | _aPana Giya Sirakaruwa | ||
| 260 |
_aGunasena _aColombo _c2003 |
||
| 300 | _b179p, 18 cm | ||
| 500 | _aSinhalese Translation Of R.l Stevenson's of The Black Arrow | ||
| 700 |
_aWickramasingha,Surawira _etr. |
||
| 942 | _cBK | ||
| 999 |
_c40779 _d40779 |
||
| 003 | LK-CoDNM | ||
| 040 |
_aLK-CoDNM _dLK-CoDNM _eLK-CoDNM |
||